#1 Hits der 1990er-Jahre in Deutschland - Statistiken

Allgemein
  • Dieses Quiz wurde 5.052 mal gespielt
  • Das Durchschnittsergebnis liegt bei 27 aus 86
Antwortstatistiken
Nr.1-Hits Künstler % Korrekt
1 Britney Spears
82%
2 Backstreet Boys
79%
2 Michael Jackson
79%
1 Céline Dion
75%
1 Stefan Raab & Truckstop
69%
1 Elton John
67%
1 Spice Girls
66%
1 Scorpions
63%
1 Die Toten Hosen
61%
1 Lou Bega
60%
1 Die Ärzte
58%
1 Will Smith
58%
1 Aqua
57%
1 Eiffel 65
57%
1 Whitney Houston
54%
1 The Cranberries
53%
1 Coolio feat. L.V.
52%
1 Matthias Reim
52%
2 Oli.P
52%
1 Die Fantastischen Vier
49%
1 Phil Collins
48%
1 Bloodhound Gang
46%
2 Rednex
46%
1 Scatman John
45%
2 Loona
43%
2 Tic Tac Toe
43%
1 Cher
42%
1 Fools Garden
41%
1 Aerosmith
40%
1 Pet Shop Boys
39%
1 Take That
38%
1 Bryan Adams / Rod Stewart / Sting
37%
1 Sinéad O'Connor
37%
1 Bryan Adams
35%
2 Ace of Base
33%
1 Bruce Springsteen
33%
1 Meat Loaf
33%
1 Die Doofen
32%
1 Andrea Bocelli feat. Sarah Brightman
29%
1 Snap!
29%
1 Roxette
28%
1 The Fugees
28%
1 Dr. Alban
27%
1 Torfrock
27%
1 Hanson
26%
1 Puff Daddy / Faith Evans/ 112
25%
1 Los Del Rio (Bayside Boys Remix)
24%
1 Mariah Carey
24%
1 4 Non Blondes
23%
1 Culture Beat
22%
1 Emilia
22%
1 Sabrina Setlur
22%
1 U 96
21%
1 Vangelis
21%
1 Crash Test Dummies
19%
1 La Bouche
17%
1 Whigfield
17%
1 DNA & Suzanne Vega
16%
1 Robert Miles
16%
1 Mo-Do
14%
1 Mr. Oizo
14%
1 Snow
14%
1 Ricky Martin
13%
1 Inner Circle
12%
1 Run-D.M.C. vs. Jason Nevins
12%
1 Salt 'n' Pepa
12%
1 Mark 'Oh
11%
1 Mr. Big
10%
1 Prince Ital Joe feat. Marky Mark
10%
1 All-4-One
9%
1 Pras Michel feat. Mýa & Ol' Dirty Bastard
9%
1 The Kelly Family
9%
1 Charles & Eddie
8%
1 Enigma
8%
1 Nana
8%
1 Members of Mayday
7%
1 Captain Hollywood Project
6%
1 Kate Yanai
6%
1 Londonbeat
6%
1 Magic Affair
6%
1 Babylon Zoo
5%
1 C+C Music Factory feat. Freedom Williams
5%
1 Everything but the Girl (Todd Terry Remix)
5%
1 Outhere Brothers
5%
1 Technohead
5%
1 Werner Wichtig
5%
Keine übereinstimmenden Quizze gefunden
Verteilung der Resultate
Anzahl Personen mit jedem Resultat
Perzentil nach korrekt beantworteten Fragen
Ihre Resultats-Entwicklung
Sie haben dieses Quiz noch nicht gespielt